Catalog

Record Details

Catalog Search



 Život na poli aneb od semínka k plodinám : závěrečná práce  Cover Image Book Book

Život na poli aneb od semínka k plodinám : závěrečná práce / autor ; vedoucí práce Olga Doležalová 

Ondřejíková , Kateřina (Author). Montessori ČR (Added Author).

Summary:

Závěrečná práce se zabývá ekosystémem pole ve smyslupoznávání spojení neživé přírody, rostlin a živočichů ve výuce Kosmické výchovyžáků 6–12 let s Montessori přístupem. Součástí práce je praktická část sprojektovou výukou žáků v tématech rostlin, živočichů, pěstování polníchplodin. Praktická část pojednává o tom, že se plodiny musí vypěstovat, pečovato ně, chránit je a mít je zdravé. Práce je obohacena o přílohovou část složenouz třístupňových karet rostlin a živočichů a rovněž obsahuje i fotografiečinností a práce žáků.

Record details

  • Physical Description: 42 stran : 31 cm

Content descriptions

Dissertation Note:
Závěrečná práce - Montessori ČR, 2015
Bibliography, etc. Note:
Obsahuje bibliografii
Genre: závěrečné práce

Available copies

  • 1 of 1 copy available at Common Catalog SPOK.

Holds

  • 0 current holds with 1 total copy.
Show Only Available Copies
Location Call Number / Copy Notes Barcode Shelving Location Status Due Date
Montessori Library ZP0208 4614610208 Chodba Available -

LDR ntm a22 i 4500
00147034
003CZ-PrJAB
00520200813182734.0
007ta
008 s2015 xr e 000 0 cze
040 . ‡aABG323 ‡bcze ‡erda
0410 . ‡acze
1001 . ‡aOndřejíková , Kateřina ‡4aut
24510. ‡a Život na poli aneb od semínka k plodinám : ‡bzávěrečná práce / ‡c autor ; vedoucí práce Olga Doležalová 
264 0. ‡c2015
300 . ‡a42 stran : ‡c31 cm
336 . ‡atext ‡btxt ‡2rdacontent
337 . ‡abez média ‡bn ‡2rdamedia
338 . ‡asvazek ‡bnc ‡2rdacarrier
502 . ‡aZávěrečná práce - Montessori ČR, 2015 
504 . ‡aObsahuje bibliografii
5203 . ‡aZávěrečná práce se zabývá ekosystémem pole ve smyslupoznávání spojení neživé přírody, rostlin a živočichů ve výuce Kosmické výchovyžáků 6–12 let s Montessori přístupem. Součástí práce je praktická část sprojektovou výukou žáků v tématech rostlin, živočichů, pěstování polníchplodin. Praktická část pojednává o tom, že se plodiny musí vypěstovat, pečovato ně, chránit je a mít je zdravé. Práce je obohacena o přílohovou část složenouz třístupňových karet rostlin a živočichů a rovněž obsahuje i fotografiečinností a práce žáků.
6530 . ‡aekosystém ‡apole ‡apříroda ‡arostliny ‡akosmická výchova ‡a6-12 let
655 7. ‡azávěrečné práce ‡7fd186753 ‡2czenas
7102 . ‡aMontessori ČR
85641. ‡yPlný text ‡zPlný text je dostupný pouze členům Montessori ČR
910 . ‡aABG323
901 . ‡a47034 ‡b ‡c47034 ‡tbiblio

Additional Resources